<?xml version="1.0" encoding="UTF-8"?>
<record
    xmlns:xsi="http://www.w3.org/2001/XMLSchema-instance"
    xsi:schemaLocation="http://www.loc.gov/MARC21/slim http://www.loc.gov/standards/marcxml/schema/MARC21slim.xsd"
    xmlns="http://www.loc.gov/MARC21/slim">

  <leader>00561    a2200217   4500</leader>
  <controlfield tag="001">148301</controlfield>
  <controlfield tag="003">OSt</controlfield>
  <controlfield tag="005">20220111124732.0</controlfield>
  <controlfield tag="008">                                        </controlfield>
  <datafield tag="020" ind1=" " ind2=" ">
    <subfield code="a">9788131500521</subfield>
  </datafield>
  <datafield tag="082" ind1=" " ind2=" ">
    <subfield code="a">530.41</subfield>
    <subfield code="b">A34S</subfield>
  </datafield>
  <datafield tag="100" ind1="1" ind2=" ">
    <subfield code="a">Ashcroft, Neil W.</subfield>
  </datafield>
  <datafield tag="245" ind1="1" ind2=" ">
    <subfield code="a">Solid state physics</subfield>
    <subfield code="c">by Neil W. Ashcroft and  N. David Mermin</subfield>
  </datafield>
  <datafield tag="260" ind1=" " ind2=" ">
    <subfield code="a">New Delhi</subfield>
    <subfield code="b">Cengage Learning</subfield>
    <subfield code="c">2009, 2017</subfield>
  </datafield>
  <datafield tag="300" ind1=" " ind2=" ">
    <subfield code="a">826p.</subfield>
  </datafield>
  <datafield tag="653" ind1=" " ind2=" ">
    <subfield code="a">Physics</subfield>
  </datafield>
  <datafield tag="653" ind1=" " ind2=" ">
    <subfield code="a">Solid state physics</subfield>
  </datafield>
  <datafield tag="653" ind1=" " ind2=" ">
    <subfield code="a">Solids</subfield>
  </datafield>
  <datafield tag="700" ind1=" " ind2=" ">
    <subfield code="a">Mermin, N. David</subfield>
  </datafield>
  <datafield tag="942" ind1=" " ind2=" ">
    <subfield code="2">ddc</subfield>
    <subfield code="c">BK</subfield>
  </datafield>
  <datafield tag="999" ind1=" " ind2=" ">
    <subfield code="c">13510</subfield>
    <subfield code="d">13510</subfield>
  </datafield>
  <datafield tag="952" ind1=" " ind2=" ">
    <subfield code="0">0</subfield>
    <subfield code="1">0</subfield>
    <subfield code="4">0</subfield>
    <subfield code="7">0</subfield>
    <subfield code="8">TXB</subfield>
    <subfield code="a">CURAJ</subfield>
    <subfield code="b">CURAJ</subfield>
    <subfield code="d">2015-09-11</subfield>
    <subfield code="e">PHY</subfield>
    <subfield code="g">0.00</subfield>
    <subfield code="l">28</subfield>
    <subfield code="o">530.41 A34S</subfield>
    <subfield code="p">21964</subfield>
    <subfield code="r">2025-12-24</subfield>
    <subfield code="s">2025-11-18</subfield>
    <subfield code="w">2020-09-02</subfield>
    <subfield code="y">BK</subfield>
  </datafield>
  <datafield tag="952" ind1=" " ind2=" ">
    <subfield code="0">0</subfield>
    <subfield code="1">0</subfield>
    <subfield code="4">0</subfield>
    <subfield code="7">0</subfield>
    <subfield code="8">TXB</subfield>
    <subfield code="a">CURAJ</subfield>
    <subfield code="b">CURAJ</subfield>
    <subfield code="d">2015-09-11</subfield>
    <subfield code="e">PHY</subfield>
    <subfield code="g">0.00</subfield>
    <subfield code="l">24</subfield>
    <subfield code="o">530.41 A34S</subfield>
    <subfield code="p">21965</subfield>
    <subfield code="r">2025-11-17</subfield>
    <subfield code="s">2025-10-16</subfield>
    <subfield code="w">2020-09-02</subfield>
    <subfield code="y">BK</subfield>
  </datafield>
  <datafield tag="952" ind1=" " ind2=" ">
    <subfield code="0">0</subfield>
    <subfield code="1">0</subfield>
    <subfield code="4">0</subfield>
    <subfield code="7">0</subfield>
    <subfield code="8">TXB</subfield>
    <subfield code="a">CURAJ</subfield>
    <subfield code="b">CURAJ</subfield>
    <subfield code="d">2015-09-11</subfield>
    <subfield code="e">PHY</subfield>
    <subfield code="g">0.00</subfield>
    <subfield code="l">28</subfield>
    <subfield code="o">530.41 A34S</subfield>
    <subfield code="p">21966</subfield>
    <subfield code="r">2026-04-16</subfield>
    <subfield code="s">2026-03-30</subfield>
    <subfield code="w">2020-09-02</subfield>
    <subfield code="y">BK</subfield>
  </datafield>
  <datafield tag="952" ind1=" " ind2=" ">
    <subfield code="0">0</subfield>
    <subfield code="1">0</subfield>
    <subfield code="2">ddc</subfield>
    <subfield code="4">0</subfield>
    <subfield code="5">1</subfield>
    <subfield code="7">1</subfield>
    <subfield code="8">RTB</subfield>
    <subfield code="a">CURAJ</subfield>
    <subfield code="b">CURAJ</subfield>
    <subfield code="d">2018-04-17</subfield>
    <subfield code="e">PHY</subfield>
    <subfield code="o">530.41 A34S</subfield>
    <subfield code="p">31080</subfield>
    <subfield code="r">2020-09-02</subfield>
    <subfield code="w">2020-09-02</subfield>
    <subfield code="y">BK</subfield>
  </datafield>
  <datafield tag="952" ind1=" " ind2=" ">
    <subfield code="0">0</subfield>
    <subfield code="1">0</subfield>
    <subfield code="2">ddc</subfield>
    <subfield code="4">0</subfield>
    <subfield code="7">0</subfield>
    <subfield code="8">TXB</subfield>
    <subfield code="a">CURAJ</subfield>
    <subfield code="b">CURAJ</subfield>
    <subfield code="d">2012-06-08</subfield>
    <subfield code="e">PHY</subfield>
    <subfield code="g">460.00</subfield>
    <subfield code="l">30</subfield>
    <subfield code="o">530.41 A34S</subfield>
    <subfield code="p">7602</subfield>
    <subfield code="r">2025-12-19</subfield>
    <subfield code="s">2025-12-05</subfield>
    <subfield code="w">2020-09-02</subfield>
    <subfield code="y">BK</subfield>
  </datafield>
  <datafield tag="952" ind1=" " ind2=" ">
    <subfield code="0">0</subfield>
    <subfield code="1">0</subfield>
    <subfield code="4">0</subfield>
    <subfield code="7">0</subfield>
    <subfield code="8">TXB</subfield>
    <subfield code="a">CURAJ</subfield>
    <subfield code="b">CURAJ</subfield>
    <subfield code="d">2015-09-11</subfield>
    <subfield code="e">PHY</subfield>
    <subfield code="g">0.00</subfield>
    <subfield code="l">26</subfield>
    <subfield code="o">530.41 A34S</subfield>
    <subfield code="p">21962</subfield>
    <subfield code="r">2025-12-02</subfield>
    <subfield code="s">2025-11-10</subfield>
    <subfield code="w">2020-09-02</subfield>
    <subfield code="y">BK</subfield>
  </datafield>
  <datafield tag="952" ind1=" " ind2=" ">
    <subfield code="0">0</subfield>
    <subfield code="1">0</subfield>
    <subfield code="4">0</subfield>
    <subfield code="7">0</subfield>
    <subfield code="8">TXB</subfield>
    <subfield code="a">CURAJ</subfield>
    <subfield code="b">CURAJ</subfield>
    <subfield code="d">2015-09-11</subfield>
    <subfield code="e">PHY</subfield>
    <subfield code="g">0.00</subfield>
    <subfield code="l">21</subfield>
    <subfield code="o">530.41 A34S</subfield>
    <subfield code="p">21963</subfield>
    <subfield code="r">2025-09-23</subfield>
    <subfield code="s">2025-09-12</subfield>
    <subfield code="w">2020-09-02</subfield>
    <subfield code="y">BK</subfield>
  </datafield>
  <datafield tag="952" ind1=" " ind2=" ">
    <subfield code="0">0</subfield>
    <subfield code="1">0</subfield>
    <subfield code="4">0</subfield>
    <subfield code="7">0</subfield>
    <subfield code="a">CURAJ</subfield>
    <subfield code="b">CURAJ</subfield>
    <subfield code="d">2012-08-31</subfield>
    <subfield code="l">15</subfield>
    <subfield code="o">530.41 A34S</subfield>
    <subfield code="p">10735</subfield>
    <subfield code="r">2025-12-17</subfield>
    <subfield code="s">2025-12-03</subfield>
    <subfield code="w">2020-09-02</subfield>
    <subfield code="y">BK</subfield>
  </datafield>
  <datafield tag="952" ind1=" " ind2=" ">
    <subfield code="0">0</subfield>
    <subfield code="1">0</subfield>
    <subfield code="4">0</subfield>
    <subfield code="7">0</subfield>
    <subfield code="8">TXB</subfield>
    <subfield code="a">CURAJ</subfield>
    <subfield code="b">CURAJ</subfield>
    <subfield code="d">2018-04-17</subfield>
    <subfield code="e">PHY</subfield>
    <subfield code="l">37</subfield>
    <subfield code="o">530.41 A34S</subfield>
    <subfield code="p">31079</subfield>
    <subfield code="r">2026-04-27</subfield>
    <subfield code="s">2026-04-16</subfield>
    <subfield code="w">2020-09-02</subfield>
    <subfield code="y">BK</subfield>
  </datafield>
  <datafield tag="952" ind1=" " ind2=" ">
    <subfield code="0">0</subfield>
    <subfield code="1">0</subfield>
    <subfield code="4">0</subfield>
    <subfield code="7">0</subfield>
    <subfield code="a">CURAJ</subfield>
    <subfield code="b">CURAJ</subfield>
    <subfield code="d">2012-08-31</subfield>
    <subfield code="l">18</subfield>
    <subfield code="o">530.41 A34S</subfield>
    <subfield code="p">10734</subfield>
    <subfield code="r">2025-12-03</subfield>
    <subfield code="s">2025-11-19</subfield>
    <subfield code="w">2020-09-02</subfield>
    <subfield code="y">BK</subfield>
  </datafield>
  <datafield tag="952" ind1=" " ind2=" ">
    <subfield code="0">0</subfield>
    <subfield code="1">0</subfield>
    <subfield code="4">0</subfield>
    <subfield code="7">0</subfield>
    <subfield code="8">TXB</subfield>
    <subfield code="a">CURAJ</subfield>
    <subfield code="b">CURAJ</subfield>
    <subfield code="d">2016-01-19</subfield>
    <subfield code="e">PHY</subfield>
    <subfield code="l">28</subfield>
    <subfield code="o">530.41 A34S</subfield>
    <subfield code="p">25474</subfield>
    <subfield code="r">2025-12-17</subfield>
    <subfield code="s">2025-11-19</subfield>
    <subfield code="w">2020-09-02</subfield>
    <subfield code="y">BK</subfield>
  </datafield>
  <datafield tag="952" ind1=" " ind2=" ">
    <subfield code="0">0</subfield>
    <subfield code="1">0</subfield>
    <subfield code="4">0</subfield>
    <subfield code="7">0</subfield>
    <subfield code="8">TXB</subfield>
    <subfield code="a">CURAJ</subfield>
    <subfield code="b">CURAJ</subfield>
    <subfield code="d">2018-04-17</subfield>
    <subfield code="e">PHY</subfield>
    <subfield code="l">39</subfield>
    <subfield code="o">530.41 A34S</subfield>
    <subfield code="p">31077</subfield>
    <subfield code="r">2025-12-10</subfield>
    <subfield code="s">2025-11-25</subfield>
    <subfield code="w">2020-09-02</subfield>
    <subfield code="y">BK</subfield>
  </datafield>
  <datafield tag="952" ind1=" " ind2=" ">
    <subfield code="0">0</subfield>
    <subfield code="1">0</subfield>
    <subfield code="4">0</subfield>
    <subfield code="7">0</subfield>
    <subfield code="8">TXB</subfield>
    <subfield code="a">CURAJ</subfield>
    <subfield code="b">CURAJ</subfield>
    <subfield code="d">2018-04-17</subfield>
    <subfield code="e">PHY</subfield>
    <subfield code="l">31</subfield>
    <subfield code="o">530.41 A34S</subfield>
    <subfield code="p">31078</subfield>
    <subfield code="r">2026-01-21</subfield>
    <subfield code="s">2026-01-06</subfield>
    <subfield code="w">2020-09-02</subfield>
    <subfield code="y">BK</subfield>
  </datafield>
  <datafield tag="952" ind1=" " ind2=" ">
    <subfield code="0">0</subfield>
    <subfield code="1">0</subfield>
    <subfield code="4">0</subfield>
    <subfield code="7">0</subfield>
    <subfield code="8">TXB</subfield>
    <subfield code="a">CURAJ</subfield>
    <subfield code="b">CURAJ</subfield>
    <subfield code="d">2016-01-19</subfield>
    <subfield code="e">PHY</subfield>
    <subfield code="l">21</subfield>
    <subfield code="o">530.41 A34S</subfield>
    <subfield code="p">25472</subfield>
    <subfield code="r">2026-01-16</subfield>
    <subfield code="s">2025-12-04</subfield>
    <subfield code="w">2020-09-02</subfield>
    <subfield code="y">BK</subfield>
  </datafield>
  <datafield tag="952" ind1=" " ind2=" ">
    <subfield code="0">0</subfield>
    <subfield code="1">0</subfield>
    <subfield code="4">0</subfield>
    <subfield code="7">0</subfield>
    <subfield code="8">TXB</subfield>
    <subfield code="a">CURAJ</subfield>
    <subfield code="b">CURAJ</subfield>
    <subfield code="d">2016-01-19</subfield>
    <subfield code="e">PHY</subfield>
    <subfield code="l">16</subfield>
    <subfield code="o">530.41 A34S</subfield>
    <subfield code="p">25473</subfield>
    <subfield code="r">2025-12-22</subfield>
    <subfield code="s">2025-12-10</subfield>
    <subfield code="w">2020-09-02</subfield>
    <subfield code="y">BK</subfield>
  </datafield>
  <datafield tag="952" ind1=" " ind2=" ">
    <subfield code="0">0</subfield>
    <subfield code="1">0</subfield>
    <subfield code="4">0</subfield>
    <subfield code="7">0</subfield>
    <subfield code="8">TXB</subfield>
    <subfield code="a">CURAJ</subfield>
    <subfield code="b">CURAJ</subfield>
    <subfield code="d">2018-04-17</subfield>
    <subfield code="e">PHY</subfield>
    <subfield code="l">17</subfield>
    <subfield code="o">530.41 A34S</subfield>
    <subfield code="p">31076</subfield>
    <subfield code="q">2026-03-06</subfield>
    <subfield code="r">2026-01-05</subfield>
    <subfield code="s">2026-01-05</subfield>
    <subfield code="w">2020-09-02</subfield>
    <subfield code="y">BK</subfield>
  </datafield>
</record>
